|
|
|
|
| LEADER |
01030nam a2200301 a 4500 |
| 001 |
000476173 |
| 003 |
CZ BrMZK |
| 005 |
20241001085240.0 |
| 007 |
ta |
| 008 |
910301s1990 xr a f 000 0 cze d |
| 015 |
|
|
|a cnb000059036
|
| 020 |
|
|
|a 80-900165-0-2
|
| 035 |
|
|
|a (OCoLC)39425881
|
| 040 |
|
|
|a BOA001
|b cze
|
| 041 |
0 |
|
|a cze
|a eng
|
| 080 |
|
|
|a 802.0(075)
|2 MRF
|
| 100 |
1 |
|
|a Kelly, Milena,
|d 1952-
|7 jo20010084309
|4 aut
|
| 245 |
1 |
0 |
|a Angličtina s Bontonem /
|c Milena Kelly ; ilustroval Jaroslav Pekárek
|
| 260 |
|
|
|a Praha :
|b Bonton,
|c 1990
|
| 300 |
|
|
|a 207 s. :
|b il. ;
|c 21 cm
|
| 500 |
|
|
|a Anglicko-český slovníček
|
| 500 |
|
|
|a 100000 výt.
|
| 700 |
1 |
|
|a Pekárek, Jaroslav
|7 jx20050513021
|4 ill
|
| 856 |
4 |
1 |
|u http://www.digitalniknihovna.cz/mzk/uuid/uuid:7a425cf0-c36c-11e2-b6da-005056827e52
|y Digitalizovaný dokument
|x NDK
|
| 910 |
|
|
|a BOA001
|b 2-0967.905
|
| 964 |
|
|
|a Angličtina - texty učební
|
| 990 |
|
|
|a BK
|
| 996 |
6 |
|
|b 2619752497
|c 2-0967.905
|l MZK
|r Sklad / do 1 hodiny
|n 8
|w 000476173
|u 000010
|a 1
|e BOA001
|j MZK50
|s P
|